000 00766cab a2200241 4500
001 ABS58783
008 090401t1998 xxu||||| |||| 00| 0 eng d
035 _a(Sirsi) u86621
041 _aeng
100 _aCavill, N.
245 _aLook out, there`s a project monitor about
260 _c1998
350 _a0
490 _aBuilding
_v263(8040) 22 May 1998, 56-57(2)
520 _aLooks at the recently developed role of the project monitor, who acts as the eyes and ears of the project investor. Cosiders what they do and who is employing them.
650 _aCONSTRUCTION MANAGEMENT
_96230
650 _aMONITORING
650 _aPROJECT MONITORING
650 _aPROJECT TEAM
690 _aProject management
_96261
942 _n0
948 _c05/06/1998
999 _c54545
_d54545